000
00210nam a2200085Ia 4500
008
170617s9999 xx 000 0 und d
100
_a
Turner
245
0
_a
Screening Method in Pharmacology 2 Vol Set
260
_b
Elesvir Pub
260
_c
2009
999
_c
15374
_d
15374